Maquetas y dibujos de instalaciones 1970/2011 / (Record no. 134079)

MARC details
000 -CABECERA
campo de control de longitud fija 00859nam a2200277 a 4500
001 - NÚMERO DE CONTROL
campo de control 991039854329706706
003 - IDENTIFICADOR DEL NÚMERO DE CONTROL
campo de control ES-BaIT
005 - FECHA Y HORA DE LA ÚLTIMA TRANSACCIÓN
campo de control 20230615095344.0
008 - DATOS DE LONGITUD FIJA--INFORMACIÓN GENERAL
campo de control de longitud fija 111102s2011 sp |||a|| 00| ||spa|c
017 ## - NÚMERO DE COPYRIGHT O DE DEPÓSITO LEGAL
Número de copyright o de depósito legal DL M. 30609-2011
020 ## - NÚMERO INTERNACIONAL ESTÁNDAR DEL LIBRO
Número Internacional Estándar del Libro 9788493734756
035 ## - NÚMERO DE CONTROL DEL SISTEMA
Número de control de sistema (ES-BaCBU).b51621630
035 ## - NÚMERO DE CONTROL DEL SISTEMA
Número de control de sistema (OCoLC)804972385
040 ## - FUENTE DE LA CATALOGACIÓN
Centro catalogador/agencia de origen ES-BaCBU
Lengua de catalogación cat
Centro/agencia transcriptor ES-BaCBU
080 ## - NÚMERO DE LA CLASIFICACIÓN DECIMAL UNIVERSAL
Número de la Clasificación Decimal Universal 7.07 Ferrer, Esther
100 1# - ENTRADA PRINCIPAL--NOMBRE DE PERSONA
Nombre de persona Ferrer, Esther,
Fechas asociadas al nombre 1937-
9 (RLIN) 19107
245 10 - MENCIÓN DE TÍTULO
Título Maquetas y dibujos de instalaciones 1970/2011 /
Mención de responsabilidad, etc. Esther Ferrer
260 ## - PUBLICACIÓN, DISTRIBUCIÓN, ETC.
Lugar de publicación, distribución, etc. Madrid :
Nombre del editor, distribuidor, etc. Exit,
Fecha de publicación, distribución, etc. DL 2011
300 ## - DESCRIPCIÓN FÍSICA
Extensión 181 p. :
Otras características físicas il. col. ;
Dimensiones 24 cm
600 17 - PUNTO DE ACCESO ADICIONAL DE MATERIA--NOMBRE DE PERSONA
Nombre de persona Ferrer, Esther,
Fechas asociadas al nombre 1937-
9 (RLIN) 19107
650 #7 - PUNTO DE ACCESO ADICIONAL DE MATERIA--TÉRMINO DE MATERIA
Término de materia o nombre geográfico como elemento de entrada Instal·lacions (Art)
9 (RLIN) 57080
907 ## - ELEMENTOS DE DATOS G LOCAL, LDG (RLIN)
a .b51621630
b 27-10-20
c 02-11-11
d 02-11-11
e m
f a
g -
h ger
i sp
j 0
k 0
908 ## - COLOCAR PARÁMETRO DE COMANDO (RLIN)
Colocar parámetro de comando UdG
-- zmiro
-- CDMAE
940 ## - EQUIVALENCIA O REFERENCIA-CRUZADA--TÍTULO UNIFORME [OBSOLETO] [solamente CAN/MARC]
Título uniforme <a href="CVA5">CVA5</a>
942 ## - ELEMENTOS DE ENTRADA AGREGADA (KOHA)
Fuente del sistema de clasificación o colocación Clasificación decimal universal
Tipo de ítem Koha Llibre
Holdings
Estado de retiro Estado de pérdida Fuente del sistema de clasificación o colocación Estado dañado No para préstamo Localización permanente Ubicación/localización actual Ubicación en estantería Fecha de adquisición Fuente de adquisición Total de préstamos Signatura topográfica completa Código de barras Fecha visto por última vez Precio válido a partir de Tipo de ítem Koha
    Clasificación decimal universal     Biblioteca Barcelona Biblioteca Barcelona BCN Lliure Accés 15/06/2023 Compra   7 (fer) FER 1900086451 15/06/2023 15/06/2023 Llibre

Powered by Koha